| 000 | 00898nam a22002295i 4500 | ||
|---|---|---|---|
| 001 | 169238 | ||
| 003 | ES-MaACL | ||
| 005 | 20251013192152.0 | ||
| 008 | 080825s1982 sp |||| | spa d | ||
| 017 | _aB-13.922-1982 | ||
| 020 | _a84-7528-020-X | ||
| 080 | _a011 | ||
| 100 | 1 |
_aLeón Pinelo, Antonio de. _971636 |
|
| 245 | 1 | 0 |
_aEpítome de la biblioteca oriental y occidental, náutica y geográfica / _cAntonio de León Pinelo ; edición y estudio introductorio por Horacio Capel. |
| 260 |
_aBarcelona : _bEdicions Universitat de Barcelona, _c1982. |
||
| 300 |
_a2 v. ; _c30 cm. |
||
| 534 |
_pReproducción facsímil de la ed. de: _cMadrid : Francisco Martínez Abad, 1737 _lBiblioteca Universitaria de Barcelona. |
||
| 650 |
_aGeografía- _vBibliografías. _9172135 |
||
| 700 | 1 |
_aCapel, Horacio, _d1941- _934815 |
|
| 852 | 4 |
_aES-MaACL _jL-29574-5 _9R.142899 |
|
| 999 |
_c169238 _d169238 |
||